Países más cercanos a Bahrein - sprint de un minuto - Estadísticas

Estadísticas generales
  • Esta prueba ha sido intentada 39 veces
  • La puntuación promedio es 14 de 20
Estadísticas de respuestas
km país % Correcto
0 Arabia Saudita
100%
448 Irak
100%
191 Irán
100%
1 Catar
97%
158 Emiratos Árabes Unidos
93%
509 Omán
90%
1088 Pakistán
90%
771 Yemen
90%
1269 Jordania
87%
1283 Siria
87%
322 Kuwait
83%
1077 Afganistán
63%
1449 Egipto
60%
1325 Turquía
50%
1447 Armenia
47%
1356 Azerbaiyán
40%
1513 Eritrea
40%
1513 Somalia
40%
1449 Sudán
40%
1264 Turkmenistán
33%
No se encontraron pruebas coincidentes
Distribución de puntuación
Porcentaje de gente con cada puntuación
Porcentaje por número respondido
Historial de tus puntuaciones
No has intentado esta prueba.